000 00575nam a2200181 a 4500
005 20231115063549.0
008 991125s1960 mx 000 0 spa u
035 _aUPN01000007223
049 _aCG
050 4 _aHX55 R6.28
_bR6.28
100 1 _aRozental, Mark Moiseevich
245 1 0 _aCategorías del materialismo dialéctico /
_cM. M. Rozental y G. M. Straks ; tr. por Adolfo Sánchez Vázquez.
260 _aMéxico :
_bGrijalbo,
_c1960.
300 _a372 p.
650 4 _aMaterialismo dialéctico
_94555
700 1 _aStraks, Grigoril Markovich,
_ecoaut.
905 _aLibro
999 _c7223
_d7223